| 000 | 00526nam a2200157 a 4500 | ||
|---|---|---|---|
| 001 | 000038752 | ||
| 005 | 20201002031347.0 | ||
| 008 | 130419s1979 ag 000 0 spa d | ||
| 040 |
_aDO-SdBNP _bspa _cBNPHU |
||
| 245 | 0 | 3 | _aLa filocalia de la oración de Jesus. |
| 260 |
_aArgentina : _bLumen , _c1979. |
||
| 300 |
_a218 p. : ; _c20 cm. |
||
| 490 | 1 | _aColección Ichthys | |
| 500 | _aTraducción realizada por el equipo de Editorial Lumen sobre textos de la "Patrología Griega" de Migne | ||
| 830 | 0 |
_aColección Ichthys _965051 |
|
| 999 |
_c38242 _d38242 |
||